[Event "BL 1819 SF Berlin - SV Mülheim Nord 19"]
[Site "?"]
[Date "2018.12.15"]
[Round "5.5"]
[White "Saltaev, Mihail"]
[Black "Schreiner, Peter"]
[Result "1/2-1/2"]
[WhiteElo "2470"]
[BlackElo "2479"]
[PlyCount "41"]
[EventDate "2018.??.??"]

1. e4 e5 2. Nf3 Nc6 3. Bb5 a6 4. Ba4 Nf6 5. d3 d6 6. c3 g6 7. Nbd2 Bg7 8. Nf1
O-O 9. Ng3 b5 10. Bc2 Bb7 11. O-O Re8 12. Re1 Qd7 13. h3 a5 14. a3 a4 15. d4
exd4 16. cxd4 Na5 17. Rb1 c5 18. Bg5 cxd4 19. Nxd4 h6 20. Bf4 Nc4 21. Nf3
1/2-1/2

[Event "BL 1819 SF Berlin - SV Mülheim Nord 19"]
[Site "?"]
[Date "2018.12.15"]
[Round "5.6"]
[White "Baldauf, Marco"]
[Black "Hausrath, Daniel"]
[Result "1-0"]
[WhiteElo "2479"]
[BlackElo "2477"]
[PlyCount "89"]
[EventDate "2018.??.??"]

1. d4 Nf6 2. c4 g6 3. Nc3 Bg7 4. e4 d6 5. f3 O-O 6. Be3 c5 7. Nge2 cxd4 8. Nxd4
Nc6 9. Be2 Bd7 10. Qd2 Nxd4 11. Bxd4 a5 12. h4 a4 13. h5 Qa5 14. g4 Be6 15. Kf2
Rfc8 16. b3 b5 17. h6 Bh8 18. g5 Ne8 19. Bxh8 Kxh8 20. Qd4+ Kg8 21. Nxb5 Rc5
22. Rhb1 Qb6 23. Qe3 Qb8 24. Rc1 f6 25. b4 Rc8 26. f4 fxg5 27. fxg5 Nc7 28.
Nxc7 Rxc7 29. Qd4 Kf7 30. a3 Qh8 31. Ke3 Qxd4+ 32. Kxd4 Bh3 33. Rc3 e5+ 34. Ke3
Ke7 35. Rac1 Be6 36. c5 dxc5 37. Rxc5 Rxc5 38. Rxc5 Kd6 39. Bb5 Rf8 40. Rc6+
Ke7 41. Rc7+ Kd6 42. Rxh7 Rc8 43. Kd2 Rf8 44. Ra7 Rf2+ 45. Ke3 1-0

[Event "BL 1819 SF Berlin - SV Mülheim Nord 19"]
[Site "?"]
[Date "2018.12.15"]
[Round "5.7"]
[White "Zelbel, Patrick"]
[Black "Jakubowski, Krzysztof"]
[Result "1/2-1/2"]
[WhiteElo "2438"]
[BlackElo "2522"]
[PlyCount "81"]
[EventDate "2018.??.??"]

1. e4 d6 2. d4 Nf6 3. Nc3 g6 4. Be3 a6 5. a4 Bg7 6. h3 O-O 7. Nf3 Nbd7 8. Bc4
e5 9. O-O b6 10. dxe5 dxe5 11. Qd3 Bb7 12. Rad1 Qe7 13. Nd5 Nxd5 14. Bxd5 Bxd5
15. Qxd5 Nf6 16. Qc4 a5 17. Rd3 Qb4 18. Qxc7 Nxe4 19. Qxb6 Qxa4 20. b3 Qb4 21.
Qxb4 axb4 22. Nd2 Nc3 23. Bc5 Rfc8 24. Bxb4 Ne2+ 25. Kh2 Rxc2 26. Re1 Nd4 27.
Bd6 f6 28. b4 Bf8 29. Bxf8 Kxf8 30. Ne4 Kg7 31. Rc3 Raa2 32. Rxc2 Rxc2 33. Ra1
f5 34. Ng5 Rc7 35. b5 Rb7 36. b6 Rxb6 37. Ra7+ Kg8 38. Ra8+ Kg7 39. Ra7+ Kg8
40. Ra8+ Kg7 41. Ra7+ 1/2-1/2

[Event "BL 1819 SF Berlin - SV Mülheim Nord 19"]
[Site "?"]
[Date "2018.12.15"]
[Round "5.8"]
[White "Schmidek, Emil"]
[Black "Dinstuhl, Volkmar"]
[Result "0-1"]
[WhiteElo "2382"]
[BlackElo "2380"]
[PlyCount "110"]
[EventDate "2018.??.??"]

1. e4 c5 2. Nf3 d6 3. d4 cxd4 4. Nxd4 Nf6 5. Nc3 Nc6 6. Bg5 e6 7. Qd2 a6 8.
O-O-O Bd7 9. f4 Be7 10. Nf3 b5 11. Bxf6 gxf6 12. f5 Qb6 13. Ne2 O-O-O 14. Nf4
Kb8 15. g3 Bc8 16. fxe6 fxe6 17. Bh3 Ne5 18. Nd4 Nc4 19. Qe2 f5 20. exf5 Bf6
21. c3 Bxd4 22. cxd4 exf5 23. Kb1 Rhe8 24. Qh5 Ne3 25. Rd3 Qc6 26. Rc1 Qe4 27.
Qf7 Re7 28. Qb3 Bb7 29. Re1 Rde8 30. Rexe3 Qh1+ 31. Rd1 Rxe3 32. Rxh1 Rxb3 33.
axb3 Bxh1 34. Bxf5 Be4+ 35. Bxe4 Rxe4 36. d5 Re3 37. Kc2 Rf3 38. Nd3 a5 39. Kd2
Kb7 40. Ke2 Rf5 41. Nf4 Kb6 42. Kd3 Kc5 43. Kc3 Rf7 44. Kd3 Kb4 45. Ne2 Kxb3
46. Nd4+ Kxb2 47. Nxb5 Rf6 48. Kc4 Rg6 49. h3 h5 50. Nc3 Rxg3 51. Ne4 Rxh3 52.
Nxd6 a4 53. Nb5 Rg3 54. d6 a3 55. Nc7 Rg7 0-1

[Event "BL 1819 SF Deizisau - MSA Zugzwang"]
[Site "?"]
[Date "2018.12.15"]
[Round "5.1"]
[White "Mons, Leon"]
[Black "Bluebaum, Matthias"]
[Result "1/2-1/2"]
[WhiteElo "2535"]
[BlackElo "2611"]
[PlyCount "83"]
[EventDate "2018.??.??"]

1. d4 d5 2. c4 c6 3. e3 Nf6 4. Bd3 e5 5. Nc3 e4 6. Bc2 Bb4 7. Nge2 O-O 8. O-O
Re8 9. Ng3 Bg4 10. Nce2 h5 11. h3 Bc8 12. Nc3 h4 13. Nh5 Nxh5 14. Qxh5 g6 15.
Qe2 Bxc3 16. bxc3 b6 17. f3 Ba6 18. Bb3 f5 19. fxe4 Rxe4 20. Rf4 Qe7 21. Rxe4
Qxe4 22. a4 Nd7 23. a5 Bxc4 24. Bxc4 dxc4 25. Qxc4+ Qd5 26. Qxd5+ cxd5 27. axb6
Nxb6 28. Ra6 Rc8 29. Bb2 Rc7 30. Kf2 g5 31. Ba3 Rxc3 32. Be7 Rc2+ 33. Kf3 g4+
34. hxg4 fxg4+ 35. Kxg4 Rxg2+ 36. Kxh4 Kf7 37. Bc5 Nc4 38. Rxa7+ Kf6 39. Re7
Re2 40. Kg4 Rxe3 41. Rxe3 Nxe3+ 42. Kf3 1/2-1/2

[Event "BL 1819 SF Deizisau - MSA Zugzwang"]
[Site "?"]
[Date "2018.12.15"]
[Round "5.2"]
[White "Meier, Georg"]
[Black "Kindermann, Stefan"]
[Result "1-0"]
[WhiteElo "2617"]
[BlackElo "2500"]
[PlyCount "59"]
[EventDate "2018.??.??"]

1. Nf3 f5 2. c4 Nf6 3. Nc3 d6 4. d4 g6 5. e3 Bg7 6. Be2 O-O 7. O-O Qe8 8. b4 e5
9. dxe5 dxe5 10. b5 e4 11. Nd4 c5 12. bxc6 Nxc6 13. Ba3 Nxd4 14. exd4 Rf7 15.
Nb5 Bf8 16. Nd6 Bxd6 17. Bxd6 Qd8 18. Bf4 b6 19. a4 a5 20. Qd2 Ba6 21. Rab1 Rc8
22. Rfc1 Nd7 23. Qe3 Qf6 24. h3 Re8 25. Bd1 h6 26. c5 g5 27. Be5 Nxe5 28. Rxb6
Nc6 29. Rxa6 Ra7 30. Rb6 1-0

[Event "BL 1819 SF Deizisau - MSA Zugzwang"]
[Site "?"]
[Date "2018.12.15"]
[Round "5.3"]
[White "Hertneck, Gerald"]
[Black "Krasenkow, Michal"]
[Result "0-1"]
[WhiteElo "2493"]
[BlackElo "2630"]
[PlyCount "106"]
[EventDate "2018.??.??"]

1. d4 d5 2. c4 e6 3. Nc3 c6 4. Nf3 dxc4 5. a4 Bb4 6. Bd2 a5 7. e3 b5 8. axb5
Bxc3 9. Bxc3 cxb5 10. b3 Bb7 11. bxc4 b4 12. Bb2 Nf6 13. c5 O-O 14. Bb5 Nc6 15.
O-O Qd5 16. Qe2 Ne4 17. Ne1 f5 18. f3 Nf6 19. Nd3 Qd7 20. Ne5 Qc7 21. Nc4 Ne7
22. Nd6 Kh8 23. e4 fxe4 24. fxe4 Ng6 25. Bd3 a4 26. e5 Nd5 27. Bxg6 hxg6 28.
Qg4 Qe7 29. Nxb7 a3 30. Nd6 axb2 31. Rxa8 Rxa8 32. Nc4 Ra1 33. Qh3+ Kg8 34.
Nxb2 Ra3 35. Nd3 g5 36. Rf3 Qd7 37. c6 Qxc6 38. Qh5 Nf4 39. Qxg5 Ra1+ 40. Kf2
Ra2+ 41. Kf1 Ra1+ 42. Kf2 Nxd3+ 43. Rxd3 Qc2+ 44. Rd2 Qe4 45. Qd8+ Kh7 46. Qg5
Qe1+ 47. Kf3 Ra8 48. Kg4 Kg8 49. Kh3 b3 50. d5 b2 51. dxe6 b1=Q 52. e7 Qh7+ 53.
Kg4 Ra4+ 0-1

[Event "BL 1819 SF Deizisau - MSA Zugzwang"]
[Site "?"]
[Date "2018.12.15"]
[Round "5.4"]
[White "Donchenko, Alexander"]
[Black "Zysk, Robert"]
[Result "1-0"]
[WhiteElo "2604"]
[BlackElo "2406"]
[PlyCount "105"]
[EventDate "2018.??.??"]

1. c4 Nf6 2. g3 c6 3. Nf3 g6 4. b3 Bg7 5. Bb2 O-O 6. Bg2 d5 7. O-O b6 8. d4 Bb7
9. Nc3 Nbd7 10. Qc2 Rc8 11. e4 Nxe4 12. Nxe4 dxe4 13. Qxe4 e6 14. Rad1 Qc7 15.
Qe2 Rfe8 16. Rfe1 Rcd8 17. h4 Qc8 18. Qc2 c5 19. dxc5 Bxb2 20. Qxb2 Bxf3 21.
Bxf3 Qxc5 22. h5 Nb8 23. Kg2 Rxd1 24. Rxd1 e5 25. hxg6 hxg6 26. Bd5 Nc6 27. Qd2
Nd4 28. Qh6 Qd6 29. Qg5 Ne6 30. Qh4 Qe7 31. Bxe6 Qxe6 32. Rh1 Kg7 33. Qh6+ Kf6
34. Rd1 Qc6+ 35. Kg1 Qe6 36. Rd5 Qe7 37. Rd3 e4 38. Rd4 Qe5 39. Rd5 Qa1+ 40.
Kg2 e3 41. Rd6+ Ke7 42. Qxe3+ Kxd6 43. Qxe8 Qxa2 44. Qxf7 Kc5 45. Qe7+ Kc6 46.
Qf6+ Kc5 47. Qc3 Qb1 48. g4 Qe4+ 49. f3 Qe2+ 50. Kg3 a5 51. f4 Qd1 52. Qe3+ Kc6
53. Qf3+ 1-0

[Event "BL 1819 SF Deizisau - MSA Zugzwang"]
[Site "?"]
[Date "2018.12.15"]
[Round "5.5"]
[White "Schramm, Christian"]
[Black "Heimann, Andreas"]
[Result "0-1"]
[WhiteElo "2370"]
[BlackElo "2600"]
[PlyCount "64"]
[EventDate "2018.??.??"]

1. c4 c5 2. Nf3 Nf6 3. Nc3 Nc6 4. e4 d6 5. Be2 Bg4 6. h3 Bxf3 7. Bxf3 g6 8. O-O
Bg7 9. d3 Nd4 10. e5 dxe5 11. Bxb7 Rb8 12. Qa4+ Qd7 13. Qxd7+ Nxd7 14. Bf3 e4
15. Nxe4 f5 16. Nd2 Ne5 17. Nb3 Nxd3 18. Rd1 Nxc1 19. Raxc1 Kf7 20. Nxd4 Bxd4
21. b3 e5 22. Bd5+ Kf6 23. g3 e4 24. Kg2 Rb6 25. Rc2 Rhb8 26. Rcd2 a5 27. f3 e3
28. Rd3 a4 29. Rb1 axb3 30. Rdxb3 Rxb3 31. axb3 e2 32. f4 Re8 0-1

[Event "BL 1819 SF Deizisau - MSA Zugzwang"]
[Site "?"]
[Date "2018.12.15"]
[Round "5.6"]
[White "Kollars, Dmitrij"]
[Black "Hoffmeyer, Falk"]
[Result "1-0"]
[WhiteElo "2559"]
[BlackElo "2353"]
[PlyCount "57"]
[EventDate "2018.??.??"]

1. e4 c6 2. d4 d5 3. e5 Bf5 4. h4 h5 5. Bd3 Bxd3 6. Qxd3 Qa5+ 7. Nd2 e6 8. Ngf3
Qa6 9. c4 Ne7 10. O-O Nd7 11. b3 Nf5 12. a4 Be7 13. Ba3 Bxa3 14. Rxa3 O-O 15.
Rc1 Rfd8 16. Qc3 dxc4 17. bxc4 c5 18. d5 Nf8 19. Qc2 Ng6 20. Qe4 Nge7 21. d6
Nc6 22. Rb1 Rac8 23. Qf4 Ncd4 24. Nxd4 cxd4 25. Qg5 Qa5 26. Rb5 Qa6 27. Ne4 Kf8
28. Qxh5 Nh6 29. Rg3 1-0

[Event "BL 1819 SF Deizisau - MSA Zugzwang"]
[Site "?"]
[Date "2018.12.15"]
[Round "5.7"]
[White "Eichler, Christoph"]
[Black "Dautov, Rustem"]
[Result "0-1"]
[WhiteElo "2310"]
[BlackElo "2592"]
[PlyCount "88"]
[EventDate "2018.??.??"]

1. Nf3 d5 2. d4 Nf6 3. c4 e6 4. cxd5 exd5 5. Nc3 c6 6. Bf4 Bf5 7. e3 Nbd7 8.
Bd3 Bxd3 9. Qxd3 Be7 10. h3 O-O 11. O-O Re8 12. Rab1 a5 13. Rfc1 Nf8 14. Qd1
Ng6 15. Bh2 Bd6 16. Bxd6 Qxd6 17. Qc2 Nf8 18. Ne5 N8d7 19. Nxd7 Nxd7 20. Na4
Re6 21. Nc5 Nxc5 22. Qxc5 Qd7 23. Qc2 Rg6 24. Qd3 Re8 25. Rc5 b6 26. Rc3 Rg5
27. Kf1 h6 28. Re1 Re6 29. h4 Rg4 30. g3 Rf6 31. e4 dxe4 32. Rxe4 Rxe4 33. Qxe4
Re6 34. Qf3 Rf6 35. Qe4 Re6 36. Qf3 Qxd4 37. Rxc6 Rxc6 38. Qxc6 Qxb2 39. Qe8+
Kh7 40. Qxf7 Qb1+ 41. Kg2 b5 42. Qd5 a4 43. a3 b4 44. axb4 a3 0-1

[Event "BL 1819 SF Deizisau - MSA Zugzwang"]
[Site "?"]
[Date "2018.12.15"]
[Round "5.8"]
[White "Graf, Alexander"]
[Black "Lammers, Markus"]
[Result "1-0"]
[WhiteElo "2567"]
[BlackElo "2312"]
[PlyCount "95"]
[EventDate "2018.??.??"]

1. d4 d5 2. c4 dxc4 3. Nf3 a6 4. e3 b5 5. a4 Bb7 6. b3 e6 7. bxc4 bxc4 8. Bxc4
Nf6 9. O-O Nbd7 10. Nbd2 Be7 11. Nb3 Bb4 12. Bd2 Bxd2 13. Nfxd2 a5 14. Be2 Nb6
15. Nc5 Bc6 16. Qc2 Qd6 17. Rfc1 O-O 18. Nxe6 Bxa4 19. Rxa4 Qxe6 20. Raa1 Ra7
21. e4 Rd8 22. Bc4 Nxc4 23. Qxc4 h6 24. d5 Qe5 25. Re1 Qf4 26. Nf3 Rb7 27. Rxa5
Rb2 28. Ra7 Ng4 29. Qxc7 Qxc7 30. Rxc7 Nxf2 31. Ne5 Re8 32. d6 Rxe5 33. d7 Rd2
34. Re2 Nh3+ 35. gxh3 Rd1+ 36. Kf2 Kh7 37. Re3 Re6 38. e5 Rg6 39. Rg3 Rg5 40.
Rxg5 hxg5 41. Ke3 Rd5 42. Ke4 Rd2 43. Rb7 Rd1 44. e6 fxe6 45. Ke5 Re1+ 46. Kd6
Kg6 47. Ke7 Rd1 48. Rb6 1-0

[Event "BL 1819 OSG Baden-Baden - BCA Augsburg"]
[Site "?"]
[Date "2018.12.15"]
[Round "5.1"]
[White "Prusikin, Michael"]
[Black "Wojtaszek, Radoslaw"]
[Result "1/2-1/2"]
[WhiteElo "2518"]
[BlackElo "2732"]
[PlyCount "54"]
[EventDate "2018.??.??"]

1. d4 Nf6 2. Nf3 d5 3. Bf4 c5 4. e3 Nc6 5. c3 Qb6 6. Qc2 g6 7. h3 Bg7 8. Nbd2
O-O 9. Bd3 Nd7 10. O-O e5 11. dxe5 Ndxe5 12. Nxe5 Nxe5 13. Bxe5 Bxe5 14. e4
dxe4 15. Bxe4 Be6 16. f4 Bc7 17. f5 c4+ 18. Kh1 Qd6 19. Nf3 Bc8 20. Rad1 Qg3
21. Rd4 a5 22. Rxc4 Ra6 23. Bd3 Rf6 24. Rg4 Qd6 25. Rd4 Qg3 26. Rg4 Qd6 27. Rd4
Qg3 1/2-1/2

[Event "BL 1819 OSG Baden-Baden - BCA Augsburg"]
[Site "?"]
[Date "2018.12.15"]
[Round "5.2"]
[White "Rapport, Richard"]
[Black "Nestorovic, Nikola"]
[Result "1/2-1/2"]
[WhiteElo "2732"]
[BlackElo "2460"]
[PlyCount "132"]
[EventDate "2018.??.??"]

1. d4 Nf6 2. Nf3 b6 3. Bf4 Bb7 4. c4 e6 5. e3 g6 6. Nc3 Bg7 7. Be2 O-O 8. Qc2
a6 9. h3 d6 10. O-O Nbd7 11. Bh2 Qe7 12. Rfd1 e5 13. dxe5 Nxe5 14. Nxe5 dxe5
15. Nd5 Nxd5 16. cxd5 Rfd8 17. Qb3 a5 18. Rac1 Qb4 19. e4 Qxe4 20. Bf3 Qb4 21.
Qxb4 axb4 22. Rxc7 Rab8 23. g4 f6 24. g5 Rdc8 25. Rdc1 Rd8 26. Rd1 Rdc8 27. Re7
Re8 28. gxf6 Bxf6 29. Rxe8+ Rxe8 30. Bg4 Bc8 31. Rc1 Bxg4 32. hxg4 Rd8 33. Rc6
Be7 34. Re6 Bc5 35. Rxe5 Bd4 36. Re2 Rxd5 37. Rd2 Kf7 38. Be5 Rxe5 39. Rxd4 b3
40. axb3 h5 41. Rf4+ Ke6 42. Kg2 hxg4 43. Kg3 Rb5 44. b4 g5 45. Rxg4 Rd5 46.
Rc4 Kf5 47. Kg2 g4 48. Kf1 Rd3 49. Rc6 g3 50. fxg3 Rxg3 51. Rxb6 Rb3 52. Ke2
Ke5 53. Kd2 Kd5 54. Kc2 Rh3 55. b3 Rh2+ 56. Kc3 Rg2 57. Ra6 Rh2 58. Rg6 Rf2 59.
Kd3 Rf3+ 60. Kc2 Rf2+ 61. Kc3 Rh2 62. Rb6 Rg2 63. b5 Kc5 64. Rb8 Rg3+ 65. Kc2
Rg2+ 66. Kc1 Rh2 1/2-1/2

[Event "BL 1819 OSG Baden-Baden - BCA Augsburg"]
[Site "?"]
[Date "2018.12.15"]
[Round "5.3"]
[White "Pitl, Gregory"]
[Black "Naiditsch, Arkadij"]
[Result "0-1"]
[WhiteElo "2388"]
[BlackElo "2736"]
[PlyCount "64"]
[EventDate "2018.??.??"]

1. d4 Nf6 2. c4 e6 3. g3 d5 4. Bg2 dxc4 5. Nf3 a6 6. O-O Nc6 7. e3 Rb8 8. Qe2
b5 9. b3 cxb3 10. axb3 Bd6 11. Bb2 Nb4 12. Ne5 Bb7 13. Bxb7 Rxb7 14. Rc1 Rb6
15. Ba3 O-O 16. Nd2 a5 17. Ndf3 Ne4 18. Nd3 Nxd3 19. Qxd3 Qa8 20. d5 b4 21. Bb2
exd5 22. Rd1 Ra6 23. Qxd5 Qxd5 24. Rxd5 Rfa8 25. Rc1 a4 26. bxa4 Rxa4 27. Rc4
b3 28. Ne5 f6 29. Rxa4 Rxa4 30. Nd3 Ra2 31. Rb5 c5 32. Rxb3 c4 0-1

[Event "BL 1819 OSG Baden-Baden - BCA Augsburg"]
[Site "?"]
[Date "2018.12.15"]
[Round "5.4"]
[White "Vallejo Pons, Francisco"]
[Black "Stankovic, Milos"]
[Result "1/2-1/2"]
[WhiteElo "2695"]
[BlackElo "2451"]
[PlyCount "66"]
[EventDate "2018.??.??"]

1. e4 e6 2. d4 d5 3. Nc3 Nf6 4. Bg5 dxe4 5. Nxe4 Be7 6. Bxf6 gxf6 7. Qd2 b6 8.
O-O-O Bb7 9. Nc3 c6 10. Be2 Nd7 11. Qh6 Qc7 12. Bh5 Rf8 13. Nh3 O-O-O 14. Qxh7
Bb4 15. Bxf7 Bxc3 16. bxc3 Qd6 17. Rhe1 Qe7 18. Bg6 Qa3+ 19. Kb1 f5 20. Bf7 Nf6
21. Bxe6+ Kb8 22. Qg7 Ne4 23. Re3 Nxc3+ 24. Ka1 f4 25. Nxf4 Rd5 26. Bxd5 cxd5
27. Qe5+ Ka8 28. Rxc3 Qxc3+ 29. Kb1 Rc8 30. Qe2 Qb4+ 31. Ka1 Qc3+ 32. Kb1 Qb4+
33. Ka1 Qc3+ 1/2-1/2

[Event "BL 1819 OSG Baden-Baden - BCA Augsburg"]
[Site "?"]
[Date "2018.12.15"]
[Round "5.5"]
[White "Schmittdiel, Eckhard"]
[Black "Bacrot, Etienne"]
[Result "1/2-1/2"]
[WhiteElo "2435"]
[BlackElo "2686"]
[PlyCount "52"]
[EventDate "2018.??.??"]

1. e4 e5 2. Nf3 Nc6 3. Bb5 a6 4. Ba4 Nf6 5. O-O Be7 6. Bxc6 dxc6 7. d3 Nd7 8.
Nbd2 f6 9. Nc4 Nc5 10. Ne3 O-O 11. b3 Re8 12. Bb2 Bf8 13. Kh1 Ne6 14. Ng1 c5
15. Ne2 Bd6 16. Nf5 b5 17. Nxd6 Qxd6 18. f4 exf4 19. Qc1 c4 20. Nxf4 Nxf4 21.
Qxf4 Qxf4 22. Rxf4 Bb7 23. Rg4 Re6 24. Rg3 Rd8 25. Rf1 Rdd6 26. Kg1 cxd3
1/2-1/2

[Event "BL 1819 OSG Baden-Baden - BCA Augsburg"]
[Site "?"]
[Date "2018.12.15"]
[Round "5.7"]
[White "Lipok, Christoph"]
[Black "Gustafsson, Jan"]
[Result "0-1"]
[WhiteElo "2286"]
[BlackElo "2641"]
[PlyCount "70"]
[EventDate "2018.??.??"]

1. d4 d5 2. c4 e6 3. Nf3 Nf6 4. g3 Be7 5. Bg2 O-O 6. O-O dxc4 7. Qc2 b6 8. Bg5
Ba6 9. Nbd2 Nd5 10. Bxe7 Qxe7 11. Nxc4 c5 12. Rac1 Rc8 13. Nce5 f6 14. Nd3 Nd7
15. Qa4 Bxd3 16. exd3 Nf8 17. Rfe1 Qd6 18. Nd2 cxd4 19. Qxd4 Rxc1 20. Rxc1 Rd8
21. a3 Ne7 22. Qxd6 Rxd6 23. Rc7 Rxd3 24. Rxe7 Rxd2 25. Rxa7 Rxb2 26. Rb7 Ra2
27. Rxb6 Rxa3 28. Rb7 g5 29. Bf1 Rc3 30. Be2 Ng6 31. Bh5 Ne5 32. f4 gxf4 33.
gxf4 Nd3 34. Bf7+ Kf8 35. f5 exf5 0-1

[Event "BL 1819 OSG Baden-Baden - BCA Augsburg"]
[Site "?"]
[Date "2018.12.15"]
[Round "5.8"]
[White "Martin, Julian"]
[Black "Mueller, Werner"]
[Result "1-0"]
[WhiteElo "2383"]
[BlackElo "2077"]
[PlyCount "49"]
[EventDate "2018.??.??"]

1. e4 d6 2. d4 Nf6 3. Nc3 g6 4. Be3 Bg7 5. Qd2 c6 6. Bh6 Bxh6 7. Qxh6 Qa5 8.
Bd3 Na6 9. Nge2 Nb4 10. O-O Nxd3 11. cxd3 Qh5 12. Qe3 O-O 13. Rac1 Kg7 14. h3
e5 15. dxe5 dxe5 16. f4 Nd7 17. d4 exd4 18. Nxd4 Re8 19. e5 f5 20. e6 Qh4 21.
Ncb5 cxb5 22. Rxc8 Rexc8 23. exd7 Rd8 24. Ne6+ Kg8 25. Ng5 1-0

[Event "BL 1819 SV 1920 Hofheim - Hamburger SK"]
[Site "?"]
[Date "2018.12.15"]
[Round "5.1"]
[White "Grandelius, Nils"]
[Black "Volokitin, Andrei"]
[Result "1-0"]
[WhiteElo "2678"]
[BlackElo "2630"]
[PlyCount "121"]
[EventDate "2018.??.??"]

1. Nf3 d5 2. d4 Nf6 3. c4 e6 4. g3 Bb4+ 5. Nc3 dxc4 6. Bg2 Nc6 7. O-O O-O 8.
Qa4 Bd7 9. Bg5 a5 10. Bxf6 Qxf6 11. Qb5 e5 12. dxe5 Qe6 13. Rfd1 Rfd8 14. Ng5
Qe7 15. e6 fxe6 16. Nge4 Be8 17. Rxd8 Rxd8 18. Qxb7 Rb8 19. Qa6 Ne5 20. a3 Bc6
21. Qa7 Rb7 22. Qd4 Bxc3 23. bxc3 Rb5 24. f4 Bxe4 25. Bxe4 Ng4 26. Qxc4 c6 27.
Bf3 Rc5 28. Qa6 h5 29. Qc8+ Kh7 30. Be4+ g6 31. Rd1 Nf6 32. Rd3 Nd5 33. Bf3
Rxc3 34. Rxc3 Nxc3 35. Qxc6 Qxa3 36. Qxe6 Qc5+ 37. Kg2 Kg7 38. Qd7+ Kf8 39. f5
gxf5 40. Qd8+ Kf7 41. Bxh5+ Ke6 42. Qe8+ Kd6 43. Bf3 Qe5 44. Qd8+ Ke6 45. h4
Kf7 46. Bh5+ Kg7 47. Qg5+ Kh8 48. Bg4 Qxg3+ 49. Kxg3 Ne4+ 50. Kf4 Nxg5 51. Bxf5
Nf7 52. Be6 Kg7 53. Bb3 Kf6 54. h5 Ng5 55. e3 Ne6+ 56. Bxe6 Kxe6 57. e4 a4 58.
h6 Kf7 59. e5 a3 60. e6+ Kg6 61. e7 1-0

[Event "BL 1819 SV 1920 Hofheim - Hamburger SK"]
[Site "?"]
[Date "2018.12.15"]
[Round "5.2"]
[White "Perske, Thore"]
[Black "Svane, Rasmus"]
[Result "1/2-1/2"]
[WhiteElo "2444"]
[BlackElo "2596"]
[PlyCount "72"]
[EventDate "2018.??.??"]

1. e4 e6 2. d4 d5 3. Nd2 c5 4. Ngf3 cxd4 5. Nxd4 Nf6 6. exd5 Nxd5 7. Bd3 Nf4 8.
Bb5+ Bd7 9. O-O Ng6 10. Ne4 Be7 11. Qh5 a6 12. Bd3 Nc6 13. Nf3 Nb4 14. Rd1 Qc7
15. Bg5 Bc6 16. Bxe7 Qxe7 17. Nd4 Bd7 18. Qc5 O-O 19. Qxe7 Nxe7 20. Nc5 Bc8 21.
Be4 Rb8 22. a3 Nbd5 23. g3 b6 24. Nd3 Bb7 25. Bg2 Rfc8 26. Ne5 Nf6 27. c4 Bxg2
28. Kxg2 Rc5 29. f4 Rbc8 30. b3 R5c7 31. Kf3 Nd7 32. Nxd7 Rxd7 33. Nf5 Rxd1 34.
Nxe7+ Kf8 35. Ng6+ hxg6 36. Rxd1 Ke7 1/2-1/2

[Event "BL 1819 SV 1920 Hofheim - Hamburger SK"]
[Site "?"]
[Date "2018.12.15"]
[Round "5.3"]
[White "Hansen, Sune Berg"]
[Black "Hickl, Joerg"]
[Result "1-0"]
[WhiteElo "2583"]
[BlackElo "2547"]
[PlyCount "156"]
[EventDate "2018.??.??"]

1. d4 d6 2. Nf3 Nf6 3. c4 Nbd7 4. Nc3 c6 5. Qc2 e5 6. Bg5 exd4 7. Nxd4 Qa5 8.
Bh4 Qh5 9. Bg3 Nb6 10. e3 Be7 11. Be2 Qg6 12. Bd3 Qh5 13. O-O O-O 14. a3 Bd7
15. Rad1 Rad8 16. h3 Rfe8 17. Nce2 c5 18. Nf5 Bxf5 19. Bxf5 g6 20. Bd3 Qg5 21.
Nc3 Bf8 22. Rfe1 Nh5 23. Bh2 Qe7 24. a4 Nf6 25. a5 Nc8 26. Be2 Qc7 27. Bg3 h6
28. Bf3 a6 29. Qb3 Rd7 30. Bh4 g5 31. Bg3 Ne7 32. Ra1 Nc6 33. Qa4 Nb4 34. Red1
Qd8 35. Rd2 Qe7 36. Qd1 Red8 37. Qe2 Bg7 38. Rad1 Qe6 39. Na4 Bf8 40. Nb6 Rc7
41. e4 Ne8 42. Bg4 Qg6 43. Bf5 Qf6 44. Qf3 Be7 45. e5 dxe5 46. Rxd8 Bxd8 47.
Nd7 Qe7 48. Nxe5 Nf6 49. Ng4 Rc6 50. Nxh6+ Kg7 51. Ng4 Bc7 52. Ne3 Kf8 53. h4
gxh4 54. Bxh4 Qe5 55. Bg3 Qe7 56. Bb1 Bxg3 57. Qxg3 Ne8 58. Qg4 Rd6 59. Re1 Qe5
60. Qc8 Rh6 61. g3 Qc7 62. Qf5 Ng7 63. Qg5 Rh5 64. Qg4 Re5 65. Rd1 Qe7 66. Qc8+
Ne8 67. Qh3 Qg5 68. f4 Qh5 69. Qxh5 Rxh5 70. Be4 Nc6 71. Bxc6 bxc6 72. Rd7 Rh6
73. Ra7 Nd6 74. Rxa6 Re6 75. Rxc6 Rxe3 76. Rxd6 Rxg3+ 77. Kf2 Rb3 78. Rb6 Kg8
1-0

[Event "BL 1819 SV 1920 Hofheim - Hamburger SK"]
[Site "?"]
[Date "2018.12.15"]
[Round "5.4"]
[White "Savchenko, Stanislav"]
[Black "Lampert, Jonas"]
[Result "1-0"]
[WhiteElo "2461"]
[BlackElo "2550"]
[PlyCount "79"]
[EventDate "2018.??.??"]

1. Nf3 d5 2. d4 Bf5 3. c4 e6 4. Nc3 Nf6 5. Bg5 c6 6. e3 Nbd7 7. Bd3 Bxd3 8.
Qxd3 h6 9. Bf4 Be7 10. h3 O-O 11. O-O Qa5 12. Rfd1 Rfd8 13. a3 dxc4 14. Qxc4 c5
15. Qe2 Nb6 16. e4 cxd4 17. Nxd4 Qc5 18. Ndb5 e5 19. b4 Qc4 20. Bxe5 Qxe2 21.
Nxe2 Nxe4 22. Rxd8+ Bxd8 23. f3 Nd2 24. Ra2 Nbc4 25. Bd4 a5 26. bxa5 Rxa5 27.
Nec3 Nb3 28. Bf2 Bf6 29. a4 Nc1 30. Rc2 Nd3 31. Nd5 Rxa4 32. Nxf6+ gxf6 33. Bd4
Na3 34. Rc8+ Kg7 35. Nd6 Nf4 36. Nf5+ Kg6 37. Ne7+ Kg7 38. Rg8+ Kh7 39. Bxf6
Ng6 40. Rg7+ 1-0

[Event "BL 1819 SV 1920 Hofheim - Hamburger SK"]
[Site "?"]
[Date "2018.12.15"]
[Round "5.5"]
[White "Ftacnik, Lubomir"]
[Black "Ginsburg, Gennadi"]
[Result "1-0"]
[WhiteElo "2512"]
[BlackElo "2431"]
[PlyCount "63"]
[EventDate "2018.??.??"]

1. Nf3 d5 2. e3 Nf6 3. c4 e6 4. b3 Be7 5. Bb2 a5 6. Nc3 O-O 7. Be2 b6 8. O-O
Bb7 9. Rc1 Nbd7 10. Qc2 c5 11. Rfd1 Rc8 12. Nb5 Ne4 13. a4 Ndf6 14. Ne5 Nd6 15.
d4 cxd4 16. exd4 Nxb5 17. axb5 Nd7 18. Bd3 h6 19. Qe2 Nxe5 20. dxe5 Bg5 21. Rc2
Ba8 22. Qg4 Be7 23. Bc1 Bg5 24. f4 f5 25. exf6 Bxf6 26. Qxe6+ Kh8 27. Bf5 Rc7
28. cxd5 Re7 29. Qc8 Bxd5 30. Qxd8 Rxd8 31. Rxd5 Re1+ 32. Kf2 1-0

[Event "BL 1819 SV 1920 Hofheim - Hamburger SK"]
[Site "?"]
[Date "2018.12.15"]
[Round "5.6"]
[White "Lobzhanidze, Davit"]
[Black "Heinemann, Thies"]
[Result "1/2-1/2"]
[WhiteElo "2423"]
[BlackElo "2517"]
[PlyCount "138"]
[EventDate "2018.??.??"]

1. e4 c5 2. Nf3 d6 3. d4 cxd4 4. Nxd4 Nf6 5. Nc3 a6 6. Be3 e5 7. Nf3 Be7 8. Bc4
O-O 9. O-O Nc6 10. Qe2 Na5 11. Bb3 Be6 12. Rfd1 Nd7 13. Bd5 Rc8 14. a4 h6 15.
h3 Qc7 16. Nh2 Nf6 17. Nf1 Nc4 18. Bc1 Nxd5 19. Nxd5 Bxd5 20. Rxd5 Nb6 21. Rd3
Qxc2 22. Qxc2 Rxc2 23. Rb3 Bh4 24. g3 Bd8 25. Ne3 Rc6 26. a5 Nc4 27. Nxc4 Rxc4
28. Rxb7 Bxa5 29. Rxa5 Rxc1+ 30. Kg2 Rc6 31. Ra7 f5 32. R5xa6 Rc2 33. Ra8 fxe4
34. Rxf8+ Kxf8 35. Rxd6 Ke7 36. Rd1 e3 37. Re1 Rxf2+ 38. Kg1 Rxb2 39. Rxe3 Ke6
40. Ra3 h5 41. Ra7 g6 42. Ra6+ Kf5 43. Rc6 Rb4 44. Kf2 g5 45. Rc8 Rb2+ 46. Ke3
Rb3+ 47. Kf2 h4 48. Rf8+ Ke4 49. gxh4 gxh4 50. Kg2 Rb2+ 51. Kg1 Rb3 52. Kg2
Rg3+ 53. Kh2 Rf3 54. Ra8 Ke3 55. Rh8 Rf4 56. Kg2 e4 57. Ra8 Rf2+ 58. Kg1 Rd2
59. Rh8 Kf3 60. Rf8+ Kg3 61. Kf1 Rh2 62. Rf7 Kxh3 63. Re7 Kg3 64. Rxe4 Rh1+ 65.
Ke2 h3 66. Re3+ Kf4 67. Kf2 Rh2+ 68. Kg1 Rg2+ 69. Kh1 Kxe3 1/2-1/2